Arbeiterbewegung - Faschismus - Nationalbewusstsein : Festschrift zum 20jährigen Bestand des Dokumentationsarchivs des österreichischen Widerstandes und zum 60. Geburtstag von Herbert Steiner / Helmut Konrad, Wolfgang Neugebauer (Hrsg.)
Record details
- ISBN: 3-203-50829-X (váz.)
- Physical Description: 493 s. : il. ; 25 cm
- Publisher: Wien : Europaverlag, 1983
Content descriptions
| Bibliography, etc. Note: | Obsahuje bibliografické odkazy |
Search for related items by series
Available copies
- 1 of 1 copy available at Common Catalog SPOK.
Holds
- 0 current holds with 1 total copy.
Show Only Available Copies
| Location | Call Number / Copy Notes | Barcode | Shelving Location | Status | Due Date |
|---|---|---|---|---|---|
| Terezin Initiative Institute | 1704 | 4594301704 | Knihovna ITI | Available | - |
| LDR | 01764cam a22004217a 4500 | ||
|---|---|---|---|
| 001 | 25990 | ||
| 003 | CZ-PrJAB | ||
| 005 | 20230213101016.0 | ||
| 008 | 070828s1983 au a gr 010 0dger | ||
| 020 | . | ‡a3-203-50829-X (váz.) ‡z320350829X | |
| 035 | . | ‡a(CONS)797 | |
| 035 | . | ‡a(CZ PrSKC)vkol000841085 | |
| 040 | . | ‡aGBV ‡bcze ‡dOLA001 | |
| 080 | . | ‡a(01) ‡2MRF | |
| 080 | . | ‡a(048.8) ‡2MRF | |
| 080 | . | ‡a(082) ‡2MRF | |
| 080 | . | ‡a(436) ‡2MRF | |
| 080 | . | ‡a012 ‡2MRF | |
| 080 | . | ‡a323.382 ‡2MRF | |
| 080 | . | ‡a329.73 ‡2MRF | |
| 080 | . | ‡a930-051 ‡2MRF | |
| 245 | 0 | 0. | ‡aArbeiterbewegung - Faschismus - Nationalbewusstsein : ‡bFestschrift zum 20jährigen Bestand des Dokumentationsarchivs des österreichischen Widerstandes und zum 60. Geburtstag von Herbert Steiner / ‡cHelmut Konrad, Wolfgang Neugebauer (Hrsg.) |
| 260 | . | ‡aWien : ‡bEuropaverlag, ‡c1983 | |
| 300 | . | ‡a493 s. : ‡bil. ; ‡c25 cm | |
| 490 | 1 | . | ‡aVeröffentlichung des Ludwig-Boltzmann-Instituts für Geschichte der Arbeiterbewegung |
| 504 | . | ‡aObsahuje bibliografické odkazy | |
| 700 | 1 | . | ‡aKonrad, Helmut, ‡d1948- ‡7jn20000603478 ‡4com |
| 700 | 1 | . | ‡aNeugebauer, Wolfgang, ‡d1944- ‡7jn20030305011 ‡4com |
| 830 | 0. | ‡aVeröffentlichung des Ludwig-Boltzmann-Instituts für Geschichte der Arbeiterbewegung | |
| 852 | 4 | . | ‡bJACH-ITI ‡bJACH-ITI ‡cKnihovna ITI ‡j1704 ‡p1704 ‡y$0.00 |
| 910 | . | ‡aABE340 ‡b1704 | |
| 995 | . | ‡askok | |
| 901 | . | ‡a25990 ‡bISxN ‡c25990 ‡tbiblio | |